Variaciones sobre la literatura (Paidós Comunicación 136)
Αποθηκεύτηκε σε:
| Κύριος συγγραφέας: | |
|---|---|
| Μορφή: | Βιβλίο |
| Γλώσσα: | Undetermined |
| Έκδοση: |
Barcelona, España
Ediciones Paidós
2002
|
| Θέματα: | |
| Ετικέτες: |
Προσθήκη ετικέτας
Δεν υπάρχουν, Καταχωρήστε ετικέτα πρώτοι!
|
MARC
| LEADER | 00000nam a2200000Ia 4500 | ||
|---|---|---|---|
| 008 | 170316s9999 xx 000 0 und d | ||
| 090 | |a 801 B-7v | ||
| 100 | |a Barthes, Roland | ||
| 245 | |a Variaciones sobre la literatura (Paidós Comunicación 136) | ||
| 260 | |a Barcelona, España | ||
| 260 | |b Ediciones Paidós | ||
| 260 | |c 2002 | ||
| 300 | |a 280 páginas | ||
| 650 | |a TEORÍA LITERARIA | ||
| 650 | |a LA LITERATURA | ||
| 650 | |a ANDRÉ GIDE | ||
| 650 | |a JEAN CAYROL | ||
| 650 | |a EL EXTRANJERO - NOVELA | ||
| 650 | |a ALBERT CAMUS | ||
| 650 | |a ROLAND BARTHES | ||
| 650 | |a LA PESTE | ||
| 650 | |a LA NOVELA FRANCESA CONTEMPORÁNEA | ||
| 650 | |a MAUPASSANT | ||
| 650 | |a EL REALISMO | ||
| 650 | |a STENDHAL | ||
| 650 | |a CRÍTICA LITERARIA EN FRANCIA | ||
| 650 | |a ROBBE - GRILLET | ||
| 650 | |a SOCIOLOGÍA DE LA NOVELA | ||
| 650 | |a ALAIN GIRARD | ||
| 650 | |a EDOARDO SANGUINETI | ||
| 999 | |c 20144 |d 20144 | ||
| 040 | |a cru BVZT | ||
| 942 | |c 15 D |h 801 B-7v |2 z | ||
